<?xml version="1.0" encoding="UTF-8"?>
<record
    xmlns:xsi="http://www.w3.org/2001/XMLSchema-instance"
    xsi:schemaLocation="http://www.loc.gov/MARC21/slim http://www.loc.gov/standards/marcxml/schema/MARC21slim.xsd"
    xmlns="http://www.loc.gov/MARC21/slim">

  <leader>00916nam a22001937a 4500</leader>
  <controlfield tag="003">BDDh-ASL</controlfield>
  <controlfield tag="005">20231015031307.0</controlfield>
  <controlfield tag="008">230402s1982    b  ||||| |||| 00| 0 b   d</controlfield>
  <datafield tag="040" ind1=" " ind2=" ">
    <subfield code="a">BDDh-ASL</subfield>
    <subfield code="c">BDDh-ASL</subfield>
  </datafield>
  <datafield tag="041" ind1=" " ind2=" ">
    <subfield code="a">ben</subfield>
  </datafield>
  <datafield tag="082" ind1=" " ind2=" ">
    <subfield code="a">297.351</subfield>
    <subfield code="b">BIM</subfield>
  </datafield>
  <datafield tag="100" ind1="1" ind2=" ">
    <subfield code="a">&#x9AC;&#x9BF;&#x9B2;&#x9CD;&#x9B2;&#x9BE;&#x9B9;&#x9CD;, &#x995;&#x9BE;&#x99C;&#x9C0; &#x9AE;&#x9C1;'&#x9A4;&#x9BE;&#x99B;&#x9BF;&#x9AE; </subfield>
    <subfield code="9">7840</subfield>
  </datafield>
  <datafield tag="245" ind1="1" ind2="0">
    <subfield code="a">&#x9AE;&#x9B8;&#x99C;&#x9BF;&#x9A6;&#x9C7;&#x9B0; &#x9AE;&#x9B0;&#x9CD;&#x9AE;&#x9AC;&#x9BE;&#x9A3;&#x9C0; / </subfield>
  </datafield>
  <datafield tag="246" ind1=" " ind2=" ">
    <subfield code="a">Masjider Marmabani : The Essence of the Mosque, a collection of Essays compiled in Arabic and Translated into Bengali by Quazi Mo`tasimbillah and Maulana Hafiz Abu Taher. </subfield>
  </datafield>
  <datafield tag="260" ind1=" " ind2=" ">
    <subfield code="a">&#x9A2;&#x9BE;&#x995;&#x9BE; : </subfield>
    <subfield code="b">&#x987;&#x9B8;&#x9B2;&#x9BE;&#x9AE;&#x9BF;&#x995; &#x9AB;&#x9BE;&#x989;&#x9A8;&#x9CD;&#x9A1;&#x9C7;&#x9B6;&#x9A8; &#x9AC;&#x9BE;&#x982;&#x9B2;&#x9BE;&#x9A6;&#x9C7;&#x9B6;, </subfield>
    <subfield code="c">1982.</subfield>
  </datafield>
  <datafield tag="300" ind1=" " ind2=" ">
    <subfield code="a">118 p. : </subfield>
    <subfield code="c">22 cm. </subfield>
  </datafield>
  <datafield tag="650" ind1=" " ind2="0">
    <subfield code="a">&#x987;&#x9B8;&#x9B2;&#x9BE;&#x9AE; &#x9A7;&#x9B0;&#x9CD;&#x9AE; , Isal&#x101;ma dharma, Islam, Religion, Mohammedism, Mohammadan, Mohammedan, Muhammadan, Islamic Relition, Peace</subfield>
    <subfield code="9">747</subfield>
  </datafield>
  <datafield tag="942" ind1=" " ind2=" ">
    <subfield code="2">ddc</subfield>
    <subfield code="c">BK</subfield>
  </datafield>
  <datafield tag="952" ind1=" " ind2=" ">
    <subfield code="0">0</subfield>
    <subfield code="1">0</subfield>
    <subfield code="2">ddc</subfield>
    <subfield code="4">0</subfield>
    <subfield code="7">0</subfield>
    <subfield code="8">NFIC</subfield>
    <subfield code="a">ASL</subfield>
    <subfield code="b">ASL</subfield>
    <subfield code="c">GEN</subfield>
    <subfield code="d">2023-04-02</subfield>
    <subfield code="e">Donated by Prof. Husniara Huq - A.K.M Azizul Haq Collection</subfield>
    <subfield code="l">0</subfield>
    <subfield code="o">297.351 BIM</subfield>
    <subfield code="p">120332</subfield>
    <subfield code="r">2023-04-02 00:00:00</subfield>
    <subfield code="t">C-1</subfield>
    <subfield code="w">2023-04-02</subfield>
    <subfield code="y">BK</subfield>
    <subfield code="z">Y-1982</subfield>
  </datafield>
  <datafield tag="999" ind1=" " ind2=" ">
    <subfield code="c">31621</subfield>
    <subfield code="d">31621</subfield>
  </datafield>
</record>
